[Event "Hoogovens"]
[Site "Wijk aan Zee"]
[Date "1986.??.??"]
[Round "?"]
[White "Van der Sterren, Paul"]
[Black "Van der Wiel, John TH"]
[Result "0-1"]
[WhiteElo "2470"]
[BlackElo "2555"]

1.d4 Nf6 2.c4 e6 3.Nf3 b6 4.Nc3 Bb7 5.a3 d5 6.cxd5 Nxd5 7.Qc2 c5 8.e4 Nxc3
9.bxc3 Nd7 10.Bf4 cxd4 11.cxd4 Rc8 12.Qb3 Qf6 13.Bg3 Qg6 14.Bd3 Be7 15.O-O O-O
16.Rfe1 Rfd8 17.Rad1 Qh5 18.Bc4 Bf8 19.d5 Nc5 20.Qa2 b5 21.Bxb5 Nxe4 22.Rxe4 Rxd5
23.Rxd5 Bxd5 24.Rc4 Bxc4 25.Bxc4 Qd5 26.Nd2 Rxc4 27.Qxc4 Qxd2 28.h3 Bxa3
29.Qc8+ Bf8 30.Qa8 a5 31.f3 Qb4  0-1

[Event "Hoogovens"]
[Site "Wijk aan Zee"]
[Date "1986.??.??"]
[Round "?"]
[White "Ljubojevic, Ljubomir"]
[Black "Chernin, Alexander"]
[Result "1/2-1/2"]
[WhiteElo "2605"]
[BlackElo "2570"]

1.c4 Nf6 2.Nc3 e5 3.Nf3 Nc6 4.g3 d5 5.cxd5 Nxd5 6.Bg2 Nb6 7.O-O Be7 8.d3 Be6
9.Be3 O-O 10.Qd2 Nd5 11.Rfc1 f6 12.a3 Qd7 13.Nxd5 Bxd5 14.b4 Kh8 15.b5 Nd8
16.Bc5 Bxc5 17.Rxc5 c6 18.e4 Bg8 19.d4 Ne6 20.bxc6 bxc6 21.Bh3 Rfd8 22.d5 cxd5
23.Rxd5 Qe8 24.Rxd8 Rxd8 25.Qe3 Qa4 26.Rc1 Rd1+ 27.Rxd1 Qxd1+ 28.Bf1 Ng5
29.Kg2 Nxf3 30.Qxf3  1/2-1/2